Hướng dẫn thực hành kế toán doanh nghiệp - Kế toán đại cương : Áp dụng hệ thống kế toán doanh nghiệp ban hành theo QĐ số 1141-TC/QĐ/CĐKT ngày 1 -11 - 1995 của Bộ trưởng Bộ Tài Chính

Nội dung sách giới thiệu các vấn đề lý luận và thực hành kế toán tổng quát như: Những vấn đề cơ bản, bảng cân đối kế toán của doanh nghiệp, tài khoản và hệ thống tài khoản kế toán, kế toán về tài sản cố định II..., các bài tập thu...

全面介紹

Đã lưu trong:
書目詳細資料
主要作者: Phạm, Huyên
格式: 圖書
語言:Undetermined
出版: Hà Nội Thống Kê 1997
主題:
標簽: 添加標簽
沒有標簽, 成為第一個標記此記錄!
Thư viện lưu trữ: Trung tâm Học liệu Trường Đại học Cần Thơ
LEADER 01232nam a2200217Ia 4500
001 CTU_227100
008 210402s9999 xx 000 0 und d
082 |a 657.8 
082 |b H527 
100 |a Phạm, Huyên 
245 0 |a Hướng dẫn thực hành kế toán doanh nghiệp - Kế toán đại cương : 
245 0 |b Áp dụng hệ thống kế toán doanh nghiệp ban hành theo QĐ số 1141-TC/QĐ/CĐKT ngày 1 -11 - 1995 của Bộ trưởng Bộ Tài Chính 
245 0 |c Phạm Huyên 
260 |a Hà Nội 
260 |b Thống Kê 
260 |c 1997 
520 |a Nội dung sách giới thiệu các vấn đề lý luận và thực hành kế toán tổng quát như: Những vấn đề cơ bản, bảng cân đối kế toán của doanh nghiệp, tài khoản và hệ thống tài khoản kế toán, kế toán về tài sản cố định II..., các bài tập thực hành kèm theo phần giải bài tập 
650 |a Kế toán,Accounting 
650 |x Doanh nghiệp,Corporations 
910 |b dqhieu 
980 |a Trung tâm Học liệu Trường Đại học Cần Thơ